1675 1871 1354 1870 1719 1871 1598 1982 1353 1882 1988 1356 1702 1132 1635 1418 1626 1785 1305 1761 1732 1611 1608 1993 1877 1223 1043 1130 1473 1523 1374 1418 1230 1981 1858 1559 1372 1920 1763 1942 1786 1503 1746 1574 1898 1326 1037 1272 1949 1804 1994 1396 1534 1346 1227 1937 1453 1843 1073 1416 1513 1242 1488 1819 1767 1242 1987 1126 1955 1816 1761 1196 1191 1412 1455 1236 1571 1518 1993 1495 1961 1521 1376 1466 1119 1513 1034 1093 1748 1491 1333 1169 1205 1964 1024 1959 1195 1932 1126 BCNSPRNW ULIB Ver.6.0+V

เปลี่ยนเป็นภาษาไทย

Change to English
 แสดงรายละเอียดบรรณานุกรม
  กลับหน้าหลัก

Brief Record : Get Marc (ISO 2709) : E-mail record : QR code < ปิดหน้าต่าง
LEADER : 00000nam 2200000uu 4500
001    13399122774
003     ULIB
008    020711s2550 th a 000 0 tha d
020    974949248x
020    9789749492482
050  4 DS520^bส835ป
100    สุภัทรดิศ ดิศกุล,^eหม่อมเจ้า
245    ประวัติศาสตร์เอเซียอาคเนย์ ถึง พ.ศ.2000 /^cศาสตราจารย์ หม่อมเจ้า สุภัทรดิศ ดิศกุล
250    พิมพ์ครั้งที่ 5
260    กรุงเทพฯ :^bสามลดา,^c2550
300    309 หน้า
650    เอเชียอาคเนย์
945    ^p290^l0^i20228
999    ^aทศพร เกษรทอง
รายการนี้ยังไม่มีแท็ก
คุณยังไม่ได้ล็อกอิน คุณสามารถมีกิจกรรมร่วมกับเว็บไซต์ได้ แต่ต้องล็อกอินก่อน ::
  ล็อกอิน

รายการสื่อสารสนเทศ

ลำดับที่ ประเภท เลขเรียก/บาร์โค้ด สถานที่ สถานะ
1. การศึกษาทั่วไป
การศึกษาทั่วไป
DS520 ส835ป ฉ.1 
  Barcode: 20228
ห้องสมุดวิทยาเขตนครสวรรค์
►หนังสือทั่วไป:l:General Books
บนชั้น

รายการใกล้เคียง
    หัวเรื่อง [เอเชียอาคเนย์]

BibComment


ยังไม่เคยถูกคอมเมนท์

คอมเมนท์ทรัพยากรรายการนี้
  คอมเมนท์: ประวัติศาสตร์เอเซ..


 Copyright 2026. Bcnsprnw @Library